000 00354nam a2200133 i 4500
001 bg
100 1 _aWĘCŁOŚ, M.
245 0 _aDiagnostyka procesów tworzenia mieszanki i spalania w silnikach spalinowych /
_cM. Węcłoś.
260 _aPoznań,
_c1990.
040 _cBPK
041 _apol
942 _cKS
008 s pl f |000 0 pol
999 _c29219
_d29219
856 _uhttp://koha.tu.koszalin.pl/cgi-bin/koha/opac-detail.pl?biblionumber=29219
_yKatalog online BPK